000 00863nam a22002417a 4500
003 0
005 20250204152017.0
008 250204b xxu||||| |||| 00| 0 eng d
050 _aPN 6790
_b.S43 2024
100 _aSecreto, Miguel Joaquin M.
245 _aArnisekai
_ban isekai webtoon on the experiences of arnis.
_cMiguel Joaquin M. Secreto and three others.
260 _aLas Pinas City
_bSouthville International School and Colleges
_c2024
300 _a332 pages;
_c28cm.
500 _aBachelor of Arts in Multimedia arts.
504 _a Includes bibliographical references and appendices..
650 _aArnis—Filipino Martial Arts.
650 _aWebtoon.
650 _aPhilippine Martial Arts in Popular Culture.
700 _aReyes, Gabrielle John A.
700 _aPanaligan, Mart R.
700 _aBagay, Christian D.
942 _2lcc
_cTH
999 _c367113
_d367113